Statistics for Brooklyn nine-nine actors

Click here to take the quiz!

General Stats

  • This quiz has been taken 437 times
  • The average score is 5 of 9

Answer Stats

Character Actor % Correct
Jake PeraltaAndy Samberg
93%
Sergeant JeffordsTerry Crews
87%
Amy SantiagoMelissa Fumero
76%
Gina LinettiChelsea Peretti
74%
Rosa DiazStephanie Beatriz
62%
Captain HoltAndre Braugher
58%
HitchcockDirk Blocker
31%
ScullyJoel McKinnon Miller
21%
Charles BoyleJoe Lo Trugilo
8%

Score Distribution

Percentile by Number Answered

Percent of People with Each Score

Your Score History

You have not taken this quiz